[Event "WY Boys-U14"]
[Site "Porto Carras GRE"]
[Date "2010.10.22"]
[Round "3.16"]
[White "Carow,J"]
[Black "Beradze,I"]
[Result "0-1"]
[WhiteElo "2079"]
[BlackElo "2242"]

1.d4 d5 2.c4 e6 3.Nf3 c6 4.e3 Nf6 5.Nc3 Nbd7 6.Qc2 Bd6 7.g4 Nxg4 8.Rg1 f5
9.h3 Ngf6 10.Rxg7 Kf8 11.Ng5 Nb6 12.Rxb7 Be7 13.Rxe7 Qxe7 14.c5 Nbd7 15.Qa4 Bb7
16.b4 e5 17.Nf3 e4 18.Nh4 Qe6 19.b5 Rg8 20.Ba3 Rg1 21.Ne2 Rxf1+ 22.Kxf1 Nh5
23.Ng2 Ndf6 24.Rb1 Kg8 25.Ngf4 Qc8 26.bxc6 Bxc6 27.Qa5 Nxf4 28.Nxf4 Rb8 29.Rb3 Rxb3
30.axb3 Qb8 31.Ne6 Qxb3 32.Qc7 Bd7 33.Qd8+ Kf7 34.Qf8+ Kxe6 35.c6 f4 36.Qe7+ Kf5
37.cxd7 Qb5+ 38.Kg1 Qxd7 39.Qe5+ Kg6 40.Qxf4 Qxh3 41.Qc7 Qg4+ 42.Kf1 Qd7
43.Qg3+ Kf7 44.Qb8 h5 45.Bd6 Kg6 46.Be5 Ne8 47.Bf4 Kf7 48.Qe5 Nf6 49.Bg5 Ng4
50.Qf4+ Kg6 51.Bh4 Qf7 52.Qd6+ Kh7 53.Ke1 a5 54.Bg3 a4 55.Qa6 Qd7 56.Qa8 Kg7
57.Qa6 Kh7 58.Qa8 Kg7 59.Qa6 Kf7 60.Qa8 Nf6 61.Be5 Ng8 62.Bg3 Nf6 63.Bh4 Ne8
64.Bg3 Qb5 65.Qa7+ Ke6 66.Bh4 Qb1+ 67.Ke2 Qb5+ 68.Ke1 Qb4+ 69.Ke2 a3 70.Qa8 Nd6
71.Qd8 Qb7 72.Bg3 Qa6+ 73.Kd2 a2  0-1

[Event "Guernsey Open"]
[Site "Grand Havre Bay GBG"]
[Date "2010.10.23"]
[Round "7"]
[White "Pleasants,A"]
[Black "Dijksterhuis,R"]
[Result "1/2-1/2"]
[WhiteElo "2048"]
[BlackElo "2008"]

1.Nf3 Nf6 2.d4 d5 3.e3 e6 4.c4 c6 5.Nc3 Nbd7 6.Bd3 dxc4 7.Bxc4 b5 8.Bd3 a6
9.O-O c5 10.b3 Bb7 11.Bb2 Be7 12.Rc1 O-O 13.Qe2 Rc8 14.Rfd1 Qb6 15.Bb1 Rfd8
16.Ne5 Nxe5 17.dxe5 Qc6 18.f3 Nd5 19.Ne4 Qe8 20.Kf2 Qf8 21.Qc2 g6 22.Qe2 Qh6
23.h3 c4 24.bxc4 bxc4 25.f4 c3 26.Bxc3 Nxc3 27.Rxc3 Bxe4 28.Rxc8 Rxc8 29.Bxe4 Qh4+
30.g3 Qh5 31.Qxh5 gxh5 32.Rd7 Bb4 33.f5 exf5 34.Bd5 Rc2+ 35.Kf3 Be1 36.Kf4 h4
37.Kg5 hxg3 38.Kf6 Rc8 39.Kxf5 Rf8 40.Kf6 Bc3 41.h4 h5 42.Rxf7 Bxe5+ 43.Kg6 Rxf7
44.Bxf7+ Kh8 45.Bd5 a5 46.a4 Bd6 47.Kxh5 Kg7 48.Kg5 Be7+ 49.Kg4 Bd6 50.Kf5 Be7
51.h5 Kh6 52.Bf3 g2 53.Bxg2 Kxh5 54.e4 Kh6 55.Ke6 Bb4 56.Kf6 Bc3+ 57.e5 Bb2
58.Be4 Bc3 59.Bd3 Bb2 60.Ke6 Kg7 61.Kd6 Kf8  1/2-1/2

[Event "Liberec Open"]
[Site "Liberec CZE"]
[Date "2010.10.23"]
[Round "1"]
[White "Blahacek,E"]
[Black "Dambrauskas,V"]
[Result "1/2-1/2"]
[WhiteElo "1981"]
[BlackElo "2354"]

1.c4 e6 2.Nc3 d5 3.d4 Nf6 4.Nf3 c6 5.e3 Nbd7 6.Bd3 dxc4 7.Bxc4 b5 8.Bd3 Bb7
9.O-O Be7 10.Qe2 a6 11.Rd1 c5 12.dxc5 Bxc5 13.e4 Ng4 14.Rf1 O-O 15.Bf4 b4
16.Nd1 e5 17.Bg5 Qe8 18.Rc1 Bb6 19.Bh4 Qb8 20.Nd2 Ngf6 21.Nc4 Bd4 22.Na5 Rc8
23.Rxc8+ Qxc8 24.Nxb7 Qxb7 25.Kh1 Qb6 26.Ne3 a5 27.Nf5 Nc5 28.Bxf6 Qxf6 29.Bc4 g6
30.Bd5 Qa6 31.Bc4 Qf6 32.Bd5 Qa6 33.Bc4 Qb6 34.Ne7+ Kg7 35.Nd5 Qd6 36.b3 Ne6
37.g3 Rf8 38.f4 exf4 39.gxf4 f5 40.e5 Qc6 41.Qg2 Rd8 42.Ne7 Qxg2+ 43.Kxg2 Re8
44.Bxe6 Rxe7 45.Bc4 Re8 46.Rd1 Rd8 47.Kf3 Kf8 48.Rd3 Ke7 49.Kg3 h6 50.h4 g5
51.hxg5 hxg5 52.fxg5 Bxe5+ 53.Kf3 Rxd3+  1/2-1/2

[Event "WY Boys-U12"]
[Site "Porto Carras GRE"]
[Date "2010.10.24"]
[Round "5.8"]
[White "Bellahcene,B"]
[Black "Badkoubi,Amirhossein"]
[Result "1-0"]
[WhiteElo "2152"]
[BlackElo "1939"]

1.d4 d5 2.c4 c6 3.Nf3 Nf6 4.Nc3 e6 5.e3 Nbd7 6.Qc2 Bd6 7.g4 h6 8.h3 Qe7 9.cxd5 exd5
10.Bd3 Nf8 11.Bd2 Ne6 12.O-O-O Bd7 13.Kb1 a6 14.Rhe1 O-O-O 15.Na4 Bc7 16.Qb3 b5
17.Nc3 Ng5 18.Nxg5 hxg5 19.Bf1 Ne4 20.f3 Nxd2+ 21.Rxd2 f5 22.a4 fxg4 23.axb5 axb5
24.fxg4 Rh6 25.Rc2 Be8 26.Bg2 Bg6 27.e4 dxe4 28.Bxe4 Bxe4 29.Rxe4 Qf6 30.Ne2 Qf1+
31.Rc1 Qxh3 32.Qxh3 Rxh3 33.Rxc6 Rh6 34.Rc5 Rdd6 35.Nc3 b4 36.Nd5 b3 37.Kc1 Rh1+
38.Kd2 Kd8 39.Nxc7 Rh2+ 40.Kd3 Rxb2 41.Ne6+ Ke7 42.Nxg7+ Kf7 43.Nf5 Rd7 44.Rb5 Rb1
45.Re2 Rg1 46.Ne3 Rb1 47.Rf2+ Kg6 48.Rb6+ Kg7 49.Rf5 Re7 50.Rxg5+ Kf7 51.Re5 Rd7
52.Reb5 Rh1 53.Rxb3 Rh3 54.Rb7  1-0

[Event "WY Boys-U18"]
[Site "Porto Carras GRE"]
[Date "2010.10.24"]
[Round "5.10"]
[White "Hesham,A"]
[Black "Anwesh,U"]
[Result "0-1"]
[WhiteElo "2248"]
[BlackElo "2420"]

1.d4 Nf6 2.c4 c6 3.Nc3 d5 4.Nf3 e6 5.e3 Nbd7 6.Bd3 dxc4 7.Bxc4 b5 8.Bd3 Bb7
9.a3 Bd6 10.O-O O-O 11.Qc2 a5 12.a4 b4 13.Ne4 Nxe4 14.Bxe4 Nf6 15.Bd3 c5
16.dxc5 Rc8 17.e4 Rxc5 18.Qe2 Ng4 19.Rd1 Qf6 20.Bb5 Bb8 21.h3 Ne5 22.Nd4 Ng6
23.Nb3 Re5 24.Nxa5 Bxe4 25.Nc4 Rd5 26.Bd2 Rxd2 27.Qxd2 Nh4 28.f3 Nxf3+ 29.gxf3 Qxf3
30.Ne3 Ba7 31.Qe2 Bxe3+ 32.Kh2 Bf4+ 33.Kg1 Qg3+ 34.Kf1 Be3  0-1

[Event "WY Boys-U18"]
[Site "Porto Carras GRE"]
[Date "2010.10.24"]
[Round "5.2"]
[White "Belous,V"]
[Black "Sethuraman,S"]
[Result "0-1"]
[WhiteElo "2498"]
[BlackElo "2535"]

1.d4 d5 2.c4 e6 3.Nc3 c6 4.e3 Nf6 5.Nf3 Nbd7 6.Qc2 Bd6 7.g4 h6 8.Bd2 dxc4
9.Bxc4 b5 10.Bb3 Bb7 11.Rg1 c5 12.Nxb5 Qb6 13.Nxd6+ Qxd6 14.Ne5 cxd4 15.Nxd7 Nxd7
16.exd4 Qxh2 17.O-O-O O-O 18.Qd3 Nf6 19.f3 Rac8+ 20.Bc2 Qh3 21.Bb4 Rfd8 22.Be7 Rxc2+
23.Kxc2 Bxf3 24.Kc1 Rc8+ 25.Bc5 Ne4 26.Rdf1 Ng5 27.b3 Bxg4 28.Qxh3 Bxh3 29.Rd1 f5
30.Kb2 Nf3 31.Rg3 Bg4 32.Bxa7 h5 33.b4 Ra8 34.Bc5 h4 35.Rg2 h3 36.Rf2 Ne5
37.Rdf1 Nd3+ 38.Kc3 Ra3+ 39.Kc4 Nxf2 40.Rxf2 Bf3 41.Rh2 Bg2 42.b5 Rxa2 43.Kc3 Ra8
44.Bd6 Ra7 45.Kb4 Kf7 46.b6 Rb7 47.Kb5 g5 48.Ka6 Rd7 49.Bc7 Rxd4 50.b7 Bxb7+
51.Kxb7 g4 52.Kb6 f4 53.Rh1 Re4 54.Rf1 Kg6 55.Rh1 Kf5 56.Kc5 e5  0-1

[Event "WY Boys-U18"]
[Site "Porto Carras GRE"]
[Date "2010.10.24"]
[Round "6.1"]
[White "Salem,AR"]
[Black "Ter Sahakyan,S"]
[Result "0-1"]
[WhiteElo "2501"]
[BlackElo "2516"]

1.d4 d5 2.c4 c6 3.Nc3 Nf6 4.e3 e6 5.Nf3 Nbd7 6.Bd3 Bd6 7.e4 dxe4 8.Bxe4 O-O
9.O-O c5 10.Bg5 h6 11.Bh4 cxd4 12.Qxd4 Bc5 13.Qd2 Be7 14.Bc2 Ne5 15.Qe2 Nxf3+
16.gxf3 Nh5 17.Rad1 Qc7 18.Bxe7 Qxe7 19.Kh1 f5 20.Qe5 b6 21.Rd6 Qf7 22.Rfd1 Bb7
23.R1d3 Rac8 24.Ne2 Kh8 25.Bb3 Rfe8 26.Ba4 Re7 27.Rd8+ Rxd8 28.Rxd8+ Kh7
29.Nd4 Qf6 30.Qxf6 Nxf6 31.Kg2 g5 32.b4 Rc7 33.c5 Bd5 34.Nb5 Rg7 35.Nc3 bxc5
36.bxc5 Rc7 37.Nxd5 Nxd5 38.c6 Kg6 39.h4 Kf6 40.Rh8 Kg7 41.Rb8 Kf6 42.hxg5+ hxg5
43.Rf8+ Ke7 44.Rg8 Kf6 45.Ra8 Nb6  0-1

[Event "Unive Open"]
[Site "Hoogeveen NED"]
[Date "2010.10.26"]
[Round "5"]
[White "Bellaiche,A"]
[Black "Okkes,M"]
[Result "1/2-1/2"]
[WhiteElo "2445"]
[BlackElo "2378"]

1.d4 d5 2.c4 e6 3.Nc3 c6 4.e3 Nf6 5.Nf3 Nbd7 6.Qc2 Bd6 7.Bd3 O-O 8.O-O dxc4
9.Bxc4 b5 10.Bd3 Bb7 11.a3 a5 12.Bd2 b4 13.axb4 axb4 14.Na4 c5 15.Nxc5 Nxc5
16.dxc5 Rc8 17.Bxb4 Bxf3 18.gxf3 Nd5 19.Ba3 Qg5+ 20.Kh1 Qh5 21.f4 Qf3+ 22.Kg1 Qg4+
23.Kh1 Qf3+  1/2-1/2

[Event "WY Boys-U18"]
[Site "Porto Carras GRE"]
[Date "2010.10.26"]
[Round "7.12"]
[White "Koohestani,S"]
[Black "Espinosa Aranda,A"]
[Result "1/2-1/2"]
[WhiteElo "2344"]
[BlackElo "2403"]

1.d4 d5 2.Nf3 Nf6 3.c4 c6 4.e3 e6 5.Nc3 a6 6.b3 Bb4 7.Bd2 O-O 8.Bd3 Nbd7
9.O-O Bd6 10.Qc2 Re8 11.Rad1 e5 12.cxd5 cxd5 13.dxe5 Nxe5 14.Nxe5 Bxe5 15.h3 Be6
16.Ne2 Rc8 17.Qb1 Qb6 18.Bc1 Bd7 19.Bb2 Bb5 20.Bxe5 Rxe5 21.Bxb5 Qxb5 22.Nd4 Qd7  1/2-1/2

[Event "20th World Seniors"]
[Site "Arco ITA"]
[Date "2010.10.27"]
[Round "2"]
[White "Suba,M"]
[Black "Buxade Roca,G"]
[Result "1-0"]
[WhiteElo "2464"]
[BlackElo "2196"]

1.Nf3 Nf6 2.c4 e6 3.Nc3 d5 4.d4 c6 5.e3 Nbd7 6.Be2 Bd6 7.O-O O-O 8.b3 Ne4
9.Bb2 f5 10.Bd3 Rf6 11.Ne2 Rh6 12.Ne5 Qh4 13.h3 g5 14.f4 g4 15.Bxe4 dxe4
16.c5 Bxe5 17.dxe5 gxh3 18.g3 Rg6 19.Kh2 Qg4 20.Rf2 h5 21.Qd6 Kf7 22.Rg1 Ke8
23.Bc3 Nf8 24.Ba5 Rg7 25.Qd8+ Kf7 26.Bc7 Kg8 27.Bd6 Rf7 28.Nd4 Qg6 29.Rd2 Kg7
30.b4 b6 31.Nxc6 Bb7 32.Bxf8+ Kh7 33.Qd6 Bxc6 34.Qxc6 Raxf8 35.cxb6 axb6
36.Rd7 Rg8 37.Rxf7+ Qxf7 38.Qd6 h4 39.Kxh3 Qg7 40.Qd1 Kh6 41.g4 b5 42.g5+ Kg6
43.Qd6 Re8 44.Qc6 Re7 45.Qxb5 Rd7 46.Rc1 Rd3 47.Qe8+ Qf7 48.Qxf7+ Kxf7 49.Kxh4 Rxe3
50.b5 Ra3 51.b6 Rxa2 52.Rb1 Ra8 53.b7 Rb8 54.Rb6 Kg7 55.Kg3 Kf7 56.Kf2 Kg7
57.Ke2 Kf7 58.Ke3 Kg7 59.Kd4 Kf7 60.Rb2 Kg6 61.Kc5 Kh5 62.Kc6  1-0

[Event "20th World Seniors"]
[Site "Arco ITA"]
[Date "2010.10.27"]
[Round "2"]
[White "Zoltek,T"]
[Black "Ovesen,K"]
[Result "1-0"]
[WhiteElo "2194"]
[BlackElo "1879"]

1.c4 Nf6 2.Nf3 c6 3.Nc3 d5 4.d4 e6 5.e3 Nbd7 6.Qc2 Be7 7.b3 O-O 8.Bd3 h6
9.O-O b6 10.Bb2 Bb7 11.Rac1 Rc8 12.Qb1 Bd6 13.cxd5 cxd5 14.Nb5 Bb8 15.Ba3 Rxc1
16.Rxc1 Re8 17.Nd6 Bxd6 18.Bxd6 Nb8 19.Ba3 a6 20.Ne5 Nbd7 21.Bh7+  1-0

[Event "Unive Open"]
[Site "Hoogeveen NED"]
[Date "2010.10.27"]
[Round "6"]
[White "Goudriaan,E"]
[Black "Perez Candelario,Man"]
[Result "0-1"]
[WhiteElo "2253"]
[BlackElo "2526"]

1.d4 d5 2.c4 e6 3.Nc3 c6 4.e3 Nf6 5.Nf3 Nbd7 6.Qc2 Bd6 7.g4 h6 8.h3 e5 9.Bd2 O-O
10.cxd5 cxd5 11.Bg2 e4 12.Nh4 Nb6 13.O-O-O Re8 14.f3 Bg3 15.Nf5 Bxf5 16.gxf5 Rc8
17.fxe4 dxe4 18.Kb1 Nc4 19.Bf1 Nd6 20.Rg1 Bh4 21.Be1 Bxe1 22.Rxe1 Nd5 23.Qb3 Nxc3+
24.bxc3 Nxf5 25.Bc4 Re7 26.Ref1 Qa5 27.Kb2 Rcc7 28.Re1 Rc6 29.Bb5 Rb6 30.a4 a6
31.Ref1 Nxe3 32.c4 Qd2+ 33.Ka3 axb5  0-1

[Event "11th Liberec Open"]
[Site "Liberec CZE"]
[Date "2010.10.27"]
[Round "5"]
[White "Kucera,P3"]
[Black "Schuettler,T"]
[Result "1/2-1/2"]
[WhiteElo "2209"]
[BlackElo "2003"]

1.d4 d5 2.c4 c6 3.Nc3 e6 4.e3 Nf6 5.Nf3 Nbd7 6.Bd3 dxc4 7.Bxc4 b5 8.Bd3 a6
9.e4 c5 10.d5 Bb7 11.dxe6 fxe6 12.O-O c4 13.Bc2 Qc7 14.a3 Nc5 15.Qe2 g6 16.Bg5 Be7
17.Rad1 O-O  1/2-1/2

[Event "11th Liberec Open"]
[Site "Liberec CZE"]
[Date "2010.10.27"]
[Round "5"]
[White "Dambrauskas,V"]
[Black "Kaderabek,J"]
[Result "1-0"]
[WhiteElo "2354"]
[BlackElo "2146"]

1.Nf3 d5 2.d4 Nf6 3.c4 c6 4.e3 e6 5.Nc3 Nbd7 6.Qc2 Be7 7.b3 O-O 8.Bd3 Qc7
9.Bb2 h6 10.O-O b6 11.Rac1 Bb7 12.cxd5 exd5 13.a3 Rac8 14.Ne2 Bd6 15.Bf5 Ra8
16.Ng3 Bxg3 17.hxg3 Ne4 18.a4 Rad8 19.Bxe4 dxe4 20.Qxe4 Rfe8 21.Qf4 Qxf4
22.gxf4 c5 23.Nd2 g5 24.fxg5 hxg5 25.Rfd1 g4 26.dxc5 Nxc5 27.Bd4 Ne6 28.Bf6 Rd5
29.Nf1 Kh7 30.b4 Kg6 31.Rxd5 Bxd5 32.Bc3 f5 33.Bd2 Rd8 34.Bc3 f4 35.Be5 f3
36.gxf3 Bxf3 37.Nh2 Kf5 38.Nxf3 gxf3 39.Bg3 Ng5 40.a5 Nh3+ 41.Kf1 b5 42.Rc5+ Ke4
43.Ke1 a6 44.Rc6 Ng1 45.Rxa6 Ne2 46.Re6+ Kd5 47.Rf6 Ke4 48.a6 Rd3 49.Bc7 Ra3
50.Re6+ Kd3 51.Rd6+ Kc4 52.Ba5 Nc3 53.Rd4+ Kb3 54.Kd2 Ra1 55.e4  1-0

[Event "WY Boys-U14"]
[Site "Porto Carras GRE"]
[Date "2010.10.28"]
[Round "9.11"]
[White "Rapport,R"]
[Black "Adelberg,D"]
[Result "1-0"]
[WhiteElo "2523"]
[BlackElo "2201"]

1.Nf3 Nf6 2.c4 c6 3.Nc3 d5 4.e3 e6 5.d4 Nbd7 6.Bd3 dxc4 7.Bxc4 b5 8.Bd3 a6
9.a4 b4 10.Ne4 Bb7 11.Ned2 c5 12.O-O Be7 13.Qe2 O-O 14.e4 cxd4 15.e5 Nd5
16.Nb3 Qb6 17.a5 Qa7 18.Qe4 g6 19.Qg4 Rfe8 20.h4 Bf8 21.h5 Bg7 22.hxg6 hxg6
23.Re1 Rac8 24.Nbxd4 Qb8 25.Qg3 Nc5 26.Bb1 Ne7 27.Ng5 Nf5 28.Bxf5 exf5 29.Bf4 Ne4
30.Rxe4 Qa7 31.e6 f6 32.Nf7 Bxe4 33.Qxg6 Re7 34.Rd1 Rxf7 35.Nxf5 Bxf5 36.exf7+ Qxf7
37.Qxf5 Re8 38.Rd7 Qe6 39.Qd3 Qe4 40.Bd2 Qxd3 41.Rxd3 Bf8 42.Rd5 Rc8 43.Rd4 Rb8
44.g4 Rb5 45.Kg2 Rxa5 46.Rd8 Ra2 47.Bxb4 Rxb2 48.Ba3 Ra2 49.Bxf8 a5 50.Ra8 Kf7
51.Bc5 Ke6 52.Kf3 Kd5 53.Bb6 a4 54.Kf4 Kc4 55.Kf5 a3 56.Kxf6 Kb3 57.g5 Rc2
58.Bd4 a2 59.g6 Rc1 60.g7  1-0

[Event "WY Boys-U16"]
[Site "Porto Carras GRE"]
[Date "2010.10.28"]
[Round "9.8"]
[White "Martinez Romero,M"]
[Black "Anton Guijarro,D"]
[Result "1/2-1/2"]
[WhiteElo "2203"]
[BlackElo "2403"]

1.c4 Nf6 2.Nc3 c6 3.d4 d5 4.Nf3 e6 5.e3 Nbd7 6.Qc2 Bd6 7.g4 Nxg4 8.Rg1 Qf6
9.Rxg4 Qxf3 10.Rxg7 Nf6 11.h3 dxc4 12.Bg2 Qh5 13.e4 e5 14.dxe5 Qxe5 15.Be3 Qe7
16.Bf1 Be6 17.O-O-O Qc7 18.Ne2 Nh5 19.Rg1 O-O-O 20.Nd4 Bf4 21.Nxe6 Bxe3+
22.fxe3 fxe6 23.Bxc4 Qe5 24.Rd4 Nf6 25.Rgd1 Rhe8 26.Qc3 Rxd4 27.Rxd4 Nd7
28.a3 h5 29.Kb1 h4 30.Ka2 Re7 31.Be2 Qc5 32.Qe1 Qg5 33.Bg4 Nf6 34.e5 Nxg4
35.Rxg4 Qxe5 36.Qxh4 Qd5+ 37.Kb1 Qd1+ 38.Ka2 Qd5+ 39.Ka1  1/2-1/2

[Event "WY Boys-U18"]
[Site "Porto Carras GRE"]
[Date "2010.10.28"]
[Round "9.1"]
[White "Grandelius,N"]
[Black "Ter Sahakyan,S"]
[Result "1/2-1/2"]
[WhiteElo "2500"]
[BlackElo "2516"]

1.d4 d5 2.c4 c6 3.Nc3 Nf6 4.e3 e6 5.Nf3 Nbd7 6.Bd3 dxc4 7.Bxc4 b5 8.Bd3 Bd6
9.O-O O-O 10.Qc2 Bb7 11.a3 a5 12.e4 e5 13.dxe5 Nxe5 14.Nxe5 Bxe5 15.h3 Re8
16.Be3 Qe7 17.Rae1 Bxc3 18.Qxc3 Nxe4 19.Qc2 Nf6 20.Bg5 Qxe1 21.Rxe1 Rxe1+
22.Kh2 Re6 23.Bxf6 Rxf6 24.Bxh7+ Kh8 25.Be4 Re8 26.f3 a4 27.Qc5 Kg8 28.g4 Rfe6
29.Kg3 Ba8 30.h4 Re5 31.Qc3 R5e7 32.Qa5 Bb7 33.Qb6 c5 34.Bxb7 Rb8 35.Qxb5 Rexb7
36.Qxc5 Rxb2 37.Qa7 Rd8 38.Qxa4 Rbb8 39.h5 Ra8 40.Qb4 Ra6 41.g5 Rda8 42.Qd4 Ra5  1/2-1/2

[Event "WY Boys-U14"]
[Site "Porto Carras GRE"]
[Date "2010.10.28"]
[Round "9.14"]
[White "Aghaei,Alireza"]
[Black "Csonka,B"]
[Result "1/2-1/2"]
[WhiteElo "2112"]
[BlackElo "2263"]

1.d4 Nf6 2.c4 c6 3.Nc3 d5 4.e3 e6 5.Nf3 Nbd7 6.Bd3 dxc4 7.Bxc4 b5 8.Bd3 Bb7
9.e4 b4 10.Na4 c5 11.e5 Nd5 12.dxc5 Bxc5 13.Nxc5 Nxc5 14.Bb5+ Ke7 15.O-O Qb6
16.Qe2 h6 17.Be3 Rhd8 18.Bc4 Nxe3 19.fxe3 Ne4 20.Bd3 Nc5 21.Bc4 Ne4 22.Bd3 Nc5
23.Bc4  1/2-1/2

[Event "Chigorin Mem Classic Open"]
[Site "St Petersburg RUS"]
[Date "2010.10.28"]
[Round "1"]
[White "Sukhareva,E"]
[Black "Papin,V"]
[Result "0-1"]
[WhiteElo "2176"]
[BlackElo "2534"]

1.d4 Nf6 2.c4 e6 3.Nf3 d5 4.Nc3 c6 5.e3 Nbd7 6.Qc2 Bd6 7.e4 Nxe4 8.Nxe4 dxe4
9.Qxe4 c5 10.Be2 Nf6 11.Qc2 cxd4 12.Nxd4 a6 13.Bd2 Qc7 14.O-O-O Bd7 15.Kb1 Rc8
16.h3 O-O 17.Rc1 Qb8 18.Qb3 Ne4 19.Be3 e5 20.Nf3 Nc5 21.Qc2 g6 22.Ka1 Bf5
23.Qc3 b5 24.Rhd1 b4 25.Qd2 Rfd8 26.g4 Be4 27.Bxc5 Bxc5 28.Qh6 f6 29.Nd2 Bc6
30.Qh4 Be7 31.Qg3 a5 32.Bf3 a4 33.Bxc6 Rxc6 34.Qf3 Qc7 35.Kb1 Rcd6 36.Nf1 Rxd1
37.Rxd1 Rxd1+ 38.Qxd1 Qxc4 39.Ne3 Qe4+ 40.Qc2 Qh1+ 41.Qc1 Qxh3 42.Qc8+ Kf7
43.Qc4+ Kg7 44.Kc2 Qf3 45.Kd3 Kh6 46.Qc1 f5 47.gxf5 gxf5 48.Qc8 e4+ 49.Kc4 Qe2+
50.Kd5 Qd2+ 51.Ke6 Qd6+ 52.Kxf5 Qg6+ 53.Ke5 Bf6+ 54.Kd5 Bxb2 55.Nf5+ Kg5
56.Ng3 Qf7+ 57.Kxe4 Qf4+ 58.Kd3 Qf3+ 59.Kc2 Qxf2+ 60.Kb1 Qxg3 61.Qg8+ Kf4
62.Qc4+ Ke3 63.a3 Qe1+  0-1

[Event "Chigorin Mem Classic Open"]
[Site "St Petersburg RUS"]
[Date "2010.10.28"]
[Round "1"]
[White "Chan,Na"]
[Black "Belousov,D"]
[Result "0-1"]
[WhiteElo "1753"]
[BlackElo "2344"]

1.d4 d5 2.c4 c6 3.Nf3 Nf6 4.Nc3 e6 5.e3 Nbd7 6.Bd3 dxc4 7.Bxc4 b5 8.Bd3 Bb7
9.O-O a6 10.Ne4 c5 11.Nxc5 Nxc5 12.dxc5 Bxc5 13.Qe2 Qb6 14.a4 bxa4 15.Rxa4 h6
16.Bd2 O-O 17.Bc3 Nd5 18.Bd4 Rfc8 19.Be4 f5 20.Bxd5 Bxd5 21.Ne5 Bxd4 22.Rxd4 Rab8
23.Nd7 Qb5 24.Qxb5 Rxb5 25.Ra4 Rxb2 26.Ne5 Ra8 27.Rfa1 a5 28.h3 Rb5 29.Nd3 Bb3
30.R4a3 a4 31.Nc1 Rd8 32.Nxb3 axb3 33.Rb1 b2 34.Kf1 Rc8  0-1

[Event "20th World Seniors"]
[Site "Arco ITA"]
[Date "2010.10.29"]
[Round "4"]
[White "Bogdanov,Val"]
[Black "Karl,H"]
[Result "1-0"]
[WhiteElo "2393"]
[BlackElo "2211"]

1.d4 d5 2.c4 c6 3.Nf3 Nf6 4.Nc3 e6 5.e3 Nbd7 6.Qc2 Bd6 7.b3 Qe7 8.Be2 dxc4
9.bxc4 e5 10.O-O O-O 11.Ng5 h6 12.Nge4 Nxe4 13.Nxe4 Bc7 14.a4 exd4 15.Ba3 c5
16.exd4 Re8 17.Bf3 b6 18.Nxc5 bxc5 19.Bxa8 Qd6 20.g3 Qxd4 21.Rad1 Qf6 22.Bb2 Be5
23.Rfe1 g6 24.Bd5 Re7 25.Bxe5 Nxe5 26.Re3 Bf5 27.Qc3 Kg7 28.Qa1 Bg4 29.Rde1  1-0

[Event "20th World Seniors"]
[Site "Arco ITA"]
[Date "2010.10.29"]
[Round "4"]
[White "Pritchett,C"]
[Black "Sawadkuhi,M"]
[Result "1-0"]
[WhiteElo "2314"]
[BlackElo "2154"]

1.Nf3 Nf6 2.c4 c6 3.d4 d5 4.e3 e6 5.Nc3 Nbd7 6.Qc2 Bd6 7.Bd3 dxc4 8.Bxc4 b5
9.Be2 Bb7 10.O-O b4 11.Ne4 Nxe4 12.Qxe4 Qb6 13.Rd1 O-O 14.Bd3 Nf6 15.Qh4 Ba6
16.Bxa6 Qxa6 17.e4 Be7 18.Bg5 Rfe8 19.Ne5 Qb7 20.Rd3 Nd7 21.Rh3 h6 22.Bxe7 Nxe5
23.Bc5 Ng6 24.Qg4 e5 25.Rb3 a5 26.a3 exd4 27.axb4 axb4 28.Rc1 Qb5 29.h3 d3
30.Qd1 Nf4 31.Rxb4 Qa6 32.Kh2 Rad8 33.Be3 d2 34.Rc2 c5 35.Rbc4 Ne6 36.b3 Qd6+
37.Kg1 Qa6 38.Rxd2 Rxd2 39.Qxd2 Qa1+ 40.Kh2 Rd8 41.Qc1 Qxc1 42.Rxc1 Rd3 43.Bxc5 Nxc5
44.Rxc5 Rxb3 45.Rc8+ Kh7 46.g3 g6 47.h4 h5 48.Kg2 Kg7 49.Rc6 Ra3 50.Rd6 Rb3
51.Kf1 Rb2 52.Rd3 Ra2 53.Kg2 Rb2 54.Kf3 Rb4 55.Rd6 Ra4 56.Kf4 Rb4 57.f3 Rb3
58.Rd7 Ra3 59.e5 Ra4+ 60.Ke3 Kg8 61.Rd4 Ra3+ 62.Ke4 Ra5 63.Kf4 Ra3 64.g4 hxg4
65.Kxg4 Ra1 66.Kg5 Kg7 67.h5 gxh5 68.Kxh5 Rf1 69.f4 Kf8 70.Kg5 Ke7 71.Ra4 Ke6
72.Ra6+ Ke7 73.Kf5 Rf2 74.Ra7+ Kf8 75.Rb7 Rf1 76.Kg5 Rg1+ 77.Kf6 Rg6+ 78.Kf5 Ke8
79.Ke4 Rg1 80.f5 Re1+ 81.Kf4 Re2 82.Rb5 Kf8 83.Kg5 Kg7 84.f6+ Kh7 85.Kf5 Rf2+
86.Ke4 Re2+ 87.Kd5 Rd2+ 88.Kc6 Kg6 89.Rd5 Re2 90.Kd7 Re1 91.Ke7 Re2 92.Kd6 Re1
93.Rd2 Re3 94.Rg2+ Kf5 95.Ke7 Rxe5+ 96.Kxf7 Ra5 97.Kg7  1-0

[Event "20th World Seniors"]
[Site "Arco ITA"]
[Date "2010.10.29"]
[Round "4"]
[White "Stull,N"]
[Black "Buxade Roca,G"]
[Result "1/2-1/2"]
[WhiteElo "2110"]
[BlackElo "2196"]

1.d4 d5 2.Nf3 Nf6 3.c4 e6 4.Nc3 c6 5.e3 Nbd7 6.Qc2 Bd6 7.Bd3 dxc4 8.Bxc4 e5
9.O-O O-O 10.Rd1 Qc7 11.h3 exd4 12.exd4 Nb6 13.Bb3 h6 14.Be3 Bf4 15.Rac1 Bxe3
16.fxe3 Re8 17.Ne5 Be6 18.Rf1 Nbd7 19.Nxd7 Qxd7 20.Rf3 Bxb3 21.Qxb3 Re7 22.Rcf1  1/2-1/2

[Event "WY Boys-U14"]
[Site "Porto Carras GRE"]
[Date "2010.10.29"]
[Round "10.13"]
[White "Aghaei,Alireza"]
[Black "Santos Latasa,J"]
[Result "1/2-1/2"]
[WhiteElo "2112"]
[BlackElo "2263"]

1.d4 Nf6 2.c4 e6 3.Nf3 d5 4.Nc3 c6 5.e3 Nbd7 6.Bd3 dxc4 7.Bxc4 b5 8.Bd3 a6
9.e4 c5 10.e5 cxd4 11.Nxb5 Nxe5 12.Nxe5 axb5 13.O-O Qd5 14.Qe2 Ba6 15.Bg5 h6
16.Bh4 Be7 17.f4 Rc8 18.f5 O-O 19.fxe6 Qxe6 20.Rae1 Rfe8 21.Qf2 Bb4 22.Re2 Bd2
23.Rxd2 Qxe5 24.Bxf6 Qxf6 25.Qxf6 gxf6 26.Rxf6 Re6 27.Rf5 b4 28.Bxa6 Rxa6
29.Rxd4 Rb8 30.Rff4 Rxa2 31.Rxb4 Rxb2 32.Rxb8+ Rxb8 33.Kf2 Kg7  1/2-1/2

[Event "Chigorin Mem Classic Open"]
[Site "St Petersburg RUS"]
[Date "2010.10.29"]
[Round "2"]
[White "Vorotnikov,V1"]
[Black "Zhilchikov,N"]
[Result "1-0"]
[WhiteElo "2428"]
[BlackElo "2060"]

1.d4 d5 2.c4 c6 3.e3 Nf6 4.Nc3 e6 5.Nf3 Be7 6.a3 O-O 7.b4 dxc4 8.Bxc4 b5
9.Bd3 a5 10.Rb1 Na6 11.Na2 Nd5 12.Bd2 f5 13.Ne5 Bd7 14.O-O axb4 15.axb4 Nac7
16.Rb2 Ne8 17.Nc1 Nef6 18.Bb1 Bd6 19.Ncd3 Qe7 20.f3 Ra3 21.Rb3 Rfa8 22.Rxa3 Rxa3
23.Qc1 Ra6 24.Nc5 Bxc5 25.dxc5 Be8 26.e4 Qc7 27.Qb2 Ne7 28.Bc3 Ra8 29.Ba2 Bf7
30.Qc2 Qc8 31.Bb3 Ra7 32.Rd1 fxe4 33.fxe4 Ng6 34.Rd6 Nxe5 35.Bxe5 Ne8 36.Rd3 Rd7
37.Rg3 Qd8 38.Qc3 g6 39.Rf3 Qh4 40.Qe3 Qh5 41.Qf4 g5 42.Rg3 h6 43.h4 Rd3
44.Bc2 Rxg3 45.Qxg3 Qxh4 46.Qxh4 gxh4 47.Kh2 Kh7 48.Kh3 Kg6 49.Kxh4 Kh7 50.Bd1 Ng7
51.Bf3 Kg6 52.g4 Be8 53.Bf4 Bd7 54.e5 Ne8 55.Be4+ Kg7 56.Kh5 Nc7 57.Bxh6+ Kg8
58.Kg6 Nd5 59.Bxd5 exd5 60.Kf6  1-0

[Event "20th World Seniors"]
[Site "Arco ITA"]
[Date "2010.10.30"]
[Round "5"]
[White "Meinhardt,G"]
[Black "Mombelli,A"]
[Result "0-1"]
[WhiteElo "1947"]
[BlackElo "1828"]

1.d4 d5 2.Nf3 Nf6 3.c4 c6 4.Nc3 e6 5.e3 Nbd7 6.Bd3 dxc4 7.Bxc4 b5 8.Bb3 Bd6
9.O-O O-O 10.Bc2 Re8 11.e4 e5 12.d5 cxd5 13.Nxb5 Bc5 14.exd5 Nb6 15.Nc3 e4
16.Nd2 Bg4 17.Qe1 e3 18.Nce4 exf2+ 19.Rxf2 Nxe4 20.Nxe4 Bf5 21.Qc3 Bxf2+
22.Nxf2 Bxc2  0-1

[Event "14th OIBM"]
[Site "Bad Wiessee GER"]
[Date "2010.10.31"]
[Round "2.17"]
[White "Kunin,V"]
[Black "Lettl,G"]
[Result "1-0"]
[WhiteElo "2538"]
[BlackElo "2150"]

1.d4 d5 2.c4 c6 3.Nf3 Nf6 4.Nc3 e6 5.e3 Nbd7 6.Qc2 Bd6 7.Bd3 O-O 8.O-O dxc4
9.Bxc4 b5 10.Be2 Bb7 11.Rd1 Qe7 12.a3 a5 13.e4 e5 14.dxe5 Nxe5 15.Nd4 g6
16.f4 Bc5 17.h3 Rfd8 18.Be3 Ned7 19.Bf3 Nd5 20.Nxd5 cxd5 21.e5 f6 22.e6 Bxd4
23.Bxd4 Qxe6 24.Re1 Qd6 25.Rad1 Re8 26.Rxe8+ Rxe8 27.Qb3 b4 28.axb4 axb4
29.Bf2 Nb6 30.Rd4 Qc5 31.Qxb4 Qc6 32.Rd1 Re6 33.f5 gxf5 34.Qf4 Re5 35.Bd4 Nc4
36.Bxe5 fxe5 37.Bxd5+ Kh8 38.Bxc6  1-0

[Event "14th OIBM"]
[Site "Bad Wiessee GER"]
[Date "2010.10.31"]
[Round "2.44"]
[White "Deglmann,L"]
[Black "Hoennekes,K"]
[Result "1-0"]
[WhiteElo "2397"]
[BlackElo "2107"]

1.d4 Nf6 2.c4 e6 3.Nc3 d5 4.Nf3 c6 5.e3 Bd6 6.Bd3 Nbd7 7.O-O h6 8.e4 dxe4
9.Nxe4 Nxe4 10.Bxe4 Qe7 11.Re1 Nf6 12.Bc2 Bd7 13.Ne5 c5 14.Nxd7 Nxd7 15.d5 e5
16.Qg4 g5 17.Be3 O-O-O 18.Qf5 f6 19.Ba4 Rhf8 20.b4 b6 21.bxc5 Bxc5 22.d6 Qxd6
23.Rad1 Qe7 24.Bxc5 bxc5 25.Rb1 Kc7 26.Bxd7 Qxd7 27.Qf3 Qc6 28.Qa3 Rd4 29.Qxa7+  1-0

[Event "14th OIBM"]
[Site "Bad Wiessee GER"]
[Date "2010.10.31"]
[Round "3.30"]
[White "Fradkin,B"]
[Black "Van den Bersselaar,J"]
[Result "1-0"]
[WhiteElo "2454"]
[BlackElo "2197"]

1.d4 d5 2.c4 c6 3.Nf3 Nf6 4.Nc3 e6 5.e3 Nbd7 6.Qc2 Bd6 7.b3 O-O 8.Be2 a6
9.O-O e5 10.dxe5 Nxe5 11.cxd5 cxd5 12.Bb2 Be6 13.Qd1 Qe7 14.Na4 Nxf3+ 15.Bxf3 Rfd8
16.Bd4 Ne4 17.Nc3 Nxc3 18.Bxc3 Bxh2+ 19.Kxh2 Qc7+ 20.Kg1 Qxc3 21.Rc1 Qe5
22.Qd2 g6 23.Rfd1 Rd7 24.Qa5 Rad8 25.Rd4 Kg7 26.Rcd1 Qc7 27.Qxc7 Rxc7 28.e4 Rd6
29.exd5 Bf5 30.Rc4 Re7 31.g4 Bd7 32.Rc7 b6 33.Ra7 a5 34.Rc1 Kf6 35.Kh2 Bb5
36.g5+  1-0

[Event "14th OIBM"]
[Site "Bad Wiessee GER"]
[Date "2010.10.31"]
[Round "3.34"]
[White "Siebrecht,S"]
[Black "Kaeding,R"]
[Result "1-0"]
[WhiteElo "2421"]
[BlackElo "2190"]

1.c4 e6 2.Nc3 d5 3.d4 c6 4.e3 Nf6 5.Nf3 Nbd7 6.Bd3 Bd6 7.O-O O-O 8.e4 dxe4
9.Nxe4 Nxe4 10.Bxe4 Nf6 11.Bg5 h6 12.Bxf6 Qxf6 13.c5 Bc7 14.Re1 Rd8 15.Qe2 Bd7
16.b4 a6 17.a4 Be8 18.Rad1 Qf4 19.g3 Qg4 20.Kg2 f5 21.Bc2 Bh5 22.Qxe6+ Kh8
23.Nh4 Qg5 24.Bxf5 Rf8 25.Ng6+ Bxg6 26.Bxg6 Rf6 27.Qe8+ Rf8 28.Qe4 Rf6 29.Be8 Rd8
30.h4 Rxf2+ 31.Kxf2 Qxg3+ 32.Ke2 Qh2+ 33.Kd3 Qb2 34.Rb1 Qa3+ 35.Kd2 Qa2+
36.Kc3 Qa3+ 37.Rb3 Qxa4 38.Rf1  1-0